| 000 | 00822nam0a22002411 4500 | ||
|---|---|---|---|
| 001 | rc\986353 | ||
| 005 | 20250622065817.0 | ||
| 035 | _a(NLR Aleph) 006153913 | ||
| 090 |
_a5791486 _c5791486 |
||
| 100 | _a20041129d1981 |||y0rusy50 ca | ||
| 101 | 0 | _arus | |
| 102 | _aRU | ||
| 105 | _ay ||||||||| | ||
| 200 | 1 |
_aНа всю жизнь _eАвтобиогр. повесть _fКанабек Байсеитов _gЛит. запись Б. Нуржекеева _g[Пер. с каз. Ф. Жанузаковой] |
|
| 210 |
_aАлма-Ата _cЖазушы _d1981 |
||
| 215 |
_a286 с. _d20 |
||
| 700 | 1 |
_aБайсеитов _bК. _f1905- _gКанабек |
|
| 702 | 1 |
_aНуржекеев _bБ. _gБексултан _4570 |
|
| 801 | 0 |
_aRU _bNLR _gpsbo |
|
| 801 | 1 |
_aRU _bELAR _2rusmarc |
|
| 852 |
_aNLR _j81-3/8499 |
||
| 942 | _cBOOK | ||
| 980 | _aNB | ||